|
|
|
|
| LEADER |
00645nam a2200181 a 4500 |
| 005 |
20151215124708.0 |
| 008 |
960221s1955 dcuabcdjdbkoqu001 0deng d |
| 003 |
ViArRB |
| 082 |
|
|
|a 337
|b KIN
|
| 100 |
|
|
|a Kindleberger, Charles P.
|9 2369
|
| 245 |
|
|
|a Power and money
|
| 300 |
|
|
|a 246p.
|
| 653 |
|
|
|a Power
|a Money
|a Economic
|
| 942 |
|
|
|c BK
|6 _
|
| 260 |
|
|
|a New york
|b Basic books limited
|c 1970
|
| 999 |
|
|
|c 90012
|d 90012
|
| 952 |
|
|
|0 0
|1 0
|2 ddc
|4 0
|6 330_KIN
|7 0
|9 112982
|a SMS
|b SMS
|c GEN
|d 0000-00-00
|o 330 KIN
|p SMS007230
|r 2009-08-21
|w 2009-08-21
|y BK
|
| 952 |
|
|
|0 0
|1 0
|2 ddc
|4 0
|6 337_KIN
|7 0
|9 112983
|a SMS
|b SMS
|c GEN
|d 2009-10-30
|o 337 KIN
|p SMS007424
|r 2009-10-30
|w 2009-10-30
|y BK
|